| 000 | 00496nam a22001697a 4500 | ||
|---|---|---|---|
| 003 | CEME | ||
| 005 | 20210628205252.0 | ||
| 008 | 210224b xxu||||| |||| 00| 0 eng d | ||
| 020 | _a0-412-64260-3 | ||
| 040 | _c. | ||
| 082 | _a658.576 REE'B | ||
| 100 |
_aSullivan, D. O Brown, J _974677 |
||
| 245 | _aRe-engineering the enterprise processing of the ifip working conference on re-engineering the interprise | ||
| 260 |
_aLONDON _bCHAPMAN & HALL _c1995 |
||
| 300 | _aVI, 337P | ||
| 942 |
_cBK _2ddc |
||
| 999 |
_c580183 _d580183 |
||